'J' Pictures by Category Quiz Stats

 Plays Quiz Updated Dec 9, 2014

Challenge
Share
Tweet
Score 0/25 Timer 04:00
10 Plays Today
picture name % Correct
OccupationsJustice
97.5%
VerbsJogging
97.2%
Juicing
97%
Jelly Beans
96.5%
Jaguar
95.6%
Juggling
95.5%
Janitor
95%
Jockey
92.6%
Jumping
91.3%
Jerky
90.3%
Michael Jackson
90.3%
FoodJalapeño
89.4%
Angelina Jolie
87.3%
picture name % Correct
Jousting
85.6%
John Deere
84.4%
Java
81.3%
Michael Jordan
79.1%
CelebritiesHugh Jackman
76.1%
Journalist
72.4%
Janis Joplin
66.2%
Jeweler
63.2%
Jambalaya
54.9%
Junior Mints
50.6%
LogosJiffy Lube
42.2%
Jamba Juice
38.6%

You're not logged in!

Compare scores with friends on all Sporcle quizzes.
OR
Log In

You Might Also Like...

Show Comments

Extras

Top Quizzes Today


Score Distribution

Your Account Isn't Verified!

In order to create a playlist on Sporcle, you need to verify the email address you used during registration. Go to your Sporcle Settings to finish the process.

Report this User

Report this user for behavior that violates our Community Guidelines.

Details: